Errores innatos del metabolismo (Registro nro. 83239)

Detalles MARC
000 -ENCABEZADO
Número de control [NR] 00870nam a22002297a 4500
005 - FECHA Y HORA DE LA ÚLTIMA TRANSACCIÓN
control field 20140903092207.0
008 - DE LONGITUD FIJA DE DATOS DE ELEMENTOS - INFORMACIÓN GENERAL
Elementos de longitud fija [NR] 130821n ck f | spa d
040 ## - FUENTE DE CATALOGACION [NR]
Agencia de catalogación original [NR] Co-BoUCM
Idioma de catalogación [NR] spa
Quien Cataloga Jose A. Gerena (modificó)
Quien Clasifica [Nuevo]
041 00 - CODIGO DE IDIOMA [R]
Código de idioma para texto/pista de sonido o título separado [R] Español
092 ## - SIGNATURA TOPOGRAFICA LOCAL
Número de clasificación local CDM 0054
100 1# - ASIENTO PRINCIPAL--NOMBRE PERSONAL [NR]
Nombre personal [NR] Espinosa Garcia, Héctor
ID Autoridad 39141
245 10 - MENCION DE TITULO [NR]
Título [NR] Errores innatos del metabolismo
Mención de responsabilidad, etc. [NR] Héctor Espinosa García, José Hernando Morales, Alfonso Spath
Medio físico [NR] CD-ROM
260 ## - PUBLICACION, DISTRIBUCION, ETC. (PIE DE IMPRENTA) [R]
Lugar de publicación, distribución, etc. [R] [Bogotá]
Nombre del editor, distribuidor, etc. [R] Diagnosticos Especializados S.A.
Fecha de publicación, distribución, etc. [R] [s.f.]
300 ## - DESCRIPCION FISICA [R]
Extensión [R] 1 CD-ROM
Otros detalles físicos [NR] ilustraciones y gráficas
650 #4 - ASIENTO SECUNDARIO DE MATERIA - TERMINO TEMATICO [R]
Término temático o nombre geográfico como elemento de entrada [NR] Errores innatos del metabolismo
9 (RLIN) 15925
Subdivisión de forma [R] CD-ROM
650 #7 - ASIENTO SECUNDARIO DE MATERIA - TERMINO TEMATICO [R]
Término temático o nombre geográfico como elemento de entrada [NR] Medicina interna
9 (RLIN) 19165
Subdivisión de forma [R] CD-ROM
650 #7 - ASIENTO SECUNDARIO DE MATERIA - TERMINO TEMATICO [R]
Término temático o nombre geográfico como elemento de entrada [NR] Metabolismo
9 (RLIN) 288
Subdivisión de forma [R] CD-ROM
690 ## - ASUNTO AGREGADO LOCAL DE ENTRADA - TÉRMINO TEMÁTICO (OCLC, RLIN)
Acceso temático local Medicina interna
700 1# - ASIENTO SECUNDARIO - NOMBRE PERSONAL [R]
Nombre personal [NR] Moreles, José Hernando
9 (RLIN) 39142
700 1# - ASIENTO SECUNDARIO - NOMBRE PERSONAL [R]
Nombre personal [NR] Spath, Alfonso
9 (RLIN) 39143
942 ## - ELEMENTOS DE ENTRADA AGREGADOS (KOHA)
Koha item type Multimedia
Source of classification or shelving scheme LOCAL
Tema principal Medicina
Edition 1
Classification part CDM 0054
Existencias
Suprimido Perdido Sistema de clasificación Dañado No prestable Tipo de ítem específico Ubicación habitual Ubicación actual Localización Fecha de creación Forma de adquisición Costo Total préstamos Signatura topográfica Código de barras Última vez visto Fecha de último préstamo Ejemplar Price effective from Tipo de ítem
    LOCAL     CD-Rom Quinta de Mutis Quinta de Mutis Colección digital 28/02/2003 Donación 26000.00 1 CDM 0054 200006841 12/12/2025 24/01/2007 Ej.1 03/02/2013 Multimedia